Historia de la pintura en Italia
Guardat en:
| Autor principal: | |
|---|---|
| Format: | Llibre |
| Idioma: | espanyol |
| Publicat: |
Buenos Aires
Espasa-Calpe
1948
|
| Col·lecció: | Colección Austral
|
| Matèries: | |
| Etiquetes: |
Afegir etiqueta
Sense etiquetes, Sigues el primer a etiquetar aquest registre!
|
MARC
| LEADER | 00000nam a2200000 a 4500 | ||
|---|---|---|---|
| 001 | UCP9799 | ||
| 003 | CL-VaPUC | ||
| 008 | 000407e19480000AG |||||||||||||||||spa|d | ||
| 082 | 0 | 4 | |a 759.5 |b STE |2 21 |
| 100 | 0 | |a Stendhal |e author |9 344186 | |
| 245 | 1 | 0 | |a Historia de la pintura en Italia |
| 300 | |a v | ||
| 942 | |c BK | ||
| 945 | |d 20000407 00:00:00 |a crobeson | ||
| 260 | |a Buenos Aires |b Espasa-Calpe |c 1948 | ||
| 500 | |a v.2: De la belleza ideal en la antigüedad. Del bello ideal moderno. Vida de Miguel Angel | ||
| 600 | 0 | |a Miguel Angel |q (Buonarroti, Michelangelo) |d 1475-1564 |9 880971 | |
| 650 | 0 | |a Pintura italiana |9 265293 | |
| 650 | 0 | |a Pintores italianos |9 265277 | |
| 650 | 0 | |a Estética |9 264950 | |
| 583 | |a last modification |c 20000407 00:00:00 |k Rodrigo Vera | ||
| 490 | 0 | |a Colección Austral | |
| 999 | |c 286581 |d 286579 | ||
| 952 | |0 0 |1 0 |4 0 |6 759_500000000000000_STE_1948 |7 0 |8 X |9 332599 |a BIBHIS |b BIBHIS |d 2019-11-20 |h v.2 |i 1398067 |o 759.5 STE 1948 |p 1398067 |r 2024-01-30 |w 2019-11-20 |y BK_X |k HIS | ||